000 00749cam a2200241 4500
001
008 000000n1999 000 0 eng u
020 _a0727728466
035 _a(Sirsi) u103420
041 _aeng
050 _a620
110 _aAssociation of Consulting Engineers
_91225
245 4 _aThe ACE client guide 2000.
260 _aLondon
_bThomas Telford
_c1999
300 _a110p. ; 24cm.
350 _a30.00
520 _aAn overview of the type of clients that use the ACE. Includes a list of useful sources, both organisations and publications. Printed with wrong ISBN 0727728369.
650 _aACE
650 _aORGANISATIONS
650 _aENGINEERING
690 _aBUILDING AND CONSTRUCTION-ENGINEERING
942 _n0
999 _c100124
_d100124